000 05546cam a22018374i 4500
003 PE-LiUPU
005 20250813165656.0
008 150625s2006 sp a rb 001 0 spa d
020 _a8448145399
020 _a9788448145392
035 _a(Sirsi) i9788448145392
040 _aPE-LiUPU
_bspa
_cPE-LiUPU
_dPE-LiUPU
_erda
049 _aPRUA
082 0 4 _a618.97
_bM58
_221
100 1 _aMillán Calenti, José Carlos,
_eautor.
245 1 0 _aPrincipios de geriatría y gerontología /
_cJosé Carlos Millán Calenti.
264 1 _aMadrid :
_bMcGraw-Hill, Interamericana de España,
_c[2006].
300 _a635 páginas :
_bilustraciones ;
_c24 centímetros
336 _atext
_2rdacontent
337 _aunmediated
_2rdamedia
338 _avolume
_2rdacarrier
504 _aIncluye referencias bibliográficas e índice.
505 0 _aIntroducción a la gerontología y la geriatría -- Gerontología y geriatría -- Biología y genética del envejecimiento -- Sociología de la vejez -- Psicología del envejecimiento -- Discapacidad intelectual y envejecimiento -- Gerontología educativa -- Asistencia gerontológica -- Arquitectura y diseño de centros gerontológicos -- Dirección y gestión de centros gerontológicos -- Investigación en gerontología -- Documentación en gerontología -- Rehabilitación geriátrica -- Termalismo y balneoterapia -- Terapias alternativas -- Ética en geriatría -- Grandes síndromes gerontológicos y principales trastornos de salud en el anciano -- Grandes síndromes gerontológicos -- Trastornos neurológicos -- Trastornos neurológicos -- Trastornos psiquiátricos -- Trastornos osteoarticulares y reumatológicos -- Trastornos cardiovasculares -- Trastornos pulmonares -- Trastornos gastrointestinales -- Trastornos del riñón, vías urinarias y próstata -- Trastornos endocrinos y metabólicos -- Trastornos de los órganos de los sentidos -- Oncología y dolor -- Trastornos del lenguaje.
526 _aP203
526 _aP200
526 _aSEG65
526 _aSEG64
526 _aSEG63
526 _aSEG62
526 _aSEG61
526 _aSEG60
526 _aSEG59
526 _aSEG58
526 _aSEG57
526 _aSEG56
526 _aSEG55
526 _aSEG54
526 _aSEG53
526 _aSEG52
526 _aSEG51
526 _aSEG50
526 _aSEG49
526 _aSEG48
526 _aSEG47
526 _aSEG46
526 _aSEG24
526 _aSEG23
526 _aSEG22
526 _aSEG21
526 _aSEG20
526 _aSEG19
526 _aSEG18
526 _aSEG17
526 _aSEG16
526 _aSEG14
526 _aSEG13
526 _aSEG12
526 _aSEG11
526 _aSEG10
526 _aSEG09
526 _aSEG06
526 _aSEG05
526 _aSEG04
526 _aSEG03
526 _aSEG02
526 _aSEG68
526 _aSEG66
526 _aSEG45
526 _aSEG25
526 _aSEG01
526 _aP163
526 _aP162
526 _aP161
526 _aP160
526 _aP159
526 _aP158
526 _aP157
526 _aP156
526 _aP155
526 _aP154
526 _aP153
526 _aP152
526 _aP151
526 _aP150
526 _aP149
526 _aP142
526 _aP141
526 _aP140
526 _aP139
526 _aP138
526 _aP137
526 _aP132
526 _aP131
526 _aP130
526 _aP126
526 _aP125
526 _aP124
526 _aP123
526 _aP115
526 _aP122
526 _aP121
526 _aP116
526 _a P114
526 _aP112
526 _aP111
526 _aP104
526 _aP103
526 _aP102
526 _aP101
526 _aP100
526 _aP96
526 _aP95
526 _aP93
526 _aP92
526 _aP91
526 _aP88
526 _aP83
526 _aP82
526 _aP79
526 _aP78
526 _aP75
526 _aP74
526 _aP71
526 _aP69
526 _a P51
526 _aP49
526 _aP48
526 _aP47
526 _aP33
526 _aP31
526 _a P30
526 _aP29
526 _aP27
526 _aP26
526 _aP25
526 _aP24
526 _a P22
526 _aP10
526 _aP09
526 _a P08
526 _aP06
526 _aP05
526 _aP04
526 _aP01
541 _g002-0000277;
541 _g002-0000325;
650 0 4 _aGeriatría.
650 0 4 _aGerontología.
942 _2ddc
_cBOOK
949 _a618.97 M58
_wDEWEY
_c1
_i57750
_lCCODEBUL1
_mBUL
_p61.00
_r0
_sY
_tBOOK
_u2015-6-25
_xSALUD
_PP22
_0COMPRA
_o.STAFF. Colección General
949 _a618.97 M58
_wDEWEY
_c2
_i57399
_lCCODEBUL1
_mBUL
_p53.00
_r0
_sY
_tBOOK
_u2015-6-25
_xSALUD
_PP22
_0COMPRA
_o.STAFF. Colección Ciencias de la Salud
994 _aC0
_bPEPRU
596 _a1
999 _a618.97 M58
_wDEWEY
_c46464
_i57750
_d46464
_e2019-3-7
_f2019-12-11
_g4
_lCCODEBUL1
_mBUL
_n2
_p61.00
_q2
_r0
_sY
_tBOOK
_u2015-6-25
_xSALUD
_PP22
_0COMPRA
_o.STAFF. Colección General
999 _a618.97 M58
_wDEWEY
_c2
_i57399
_d2018-8-13
_e2017-4-23
_f2021-11-4
_g5
_lCCODEBUL1
_mBUL
_n1
_p53.00
_q1
_r0
_sY
_tBOOK
_u2015-6-25
_xSALUD
_zP22
_0COMPRA
_o.STAFF. Colección Ciencias de la Salud
980 _81
_gALBERTO SANCHEZ Responsable de Automatización